| Поле | Инд. | ПП | Название | Значение |
|---|---|---|---|---|
| Тип записи | a | |||
| Библиографический уровень | m | |||
| 001 | Контрольный номер | 373641b27c6d4fc0bde0b295f43d79a0 | ||
| 005 | Дата корректировки | 20230214150836.5 | ||
| 008 | Кодируемые данные | 071015 | ||
| 020 | a | ISBN | 5-94946-209-2 | |
| 040 | a | Служба первич. каталог. | НБ ТвГУ | |
| 041 | 0_ | a | Код языка текста | rus |
| 080 | a | Индекс УДК | 398.3 | |
| 084 | a | Индекс другой классификации/Индекс ББК | Э391.9 | |
| 090 | x | Авторский знак | Б68 | |
| a | Полочн. индекс | Э391.9 | ||
| 100 | 1_ | a | Автор | Блаво Рушель |
| 245 | 00 | a | Заглавие | Семь сильнейших талисманов Звезда-Семерида |
| c | Ответственность | Рушель Блаво ; С.-Петерб. НИИ традиц. медицины и муз. терапии | ||
| 245 | 00 | a | Заглавие | Даю вам помощь |
| 260 | 0_ | a | Место издания | Санкт-Петербург |
| a | Место издания | Москва | ||
| b | Издательство | прайм-Еврознак | ||
| b | Издательство | ОЛМА-ПРЕСС | ||
| c | Дата издания | 2005 | ||
| 300 | a | Объем | 139 с. | |
| b | Иллюстрации/ тип воспроизводства | ил. | ||
| 440 | _0 | a | Серия | Даю вам помощь |
| 504 | a | Библиография | Библиогр. в подстроч. примеч. | |
| 650 | 04 | a | Основная рубрика | Талисманы |
| 650 | 04 | a | Основная рубрика | Вневероисповедальные формы религии |
| 650 | 04 | a | Основная рубрика | Этнология |
| x | Основная подрубрика | Религия | ||
| 653 | 0_ | a | Ключевые слова | Религия |
| a | Ключевые слова | Вневероисповедальные формы религии | ||
| a | Ключевые слова | Поверья | ||
| a | Ключевые слова | Знахарство | ||
| a | Ключевые слова | Талисманы | ||
| a | Ключевые слова | Этнология | ||
| 852 | 41 | i | Расстановочный признак | Проверка 2023 |
| 920 | a | Оператор | Хохл | |
| 952 | c | Вид литературы | К рн | |
| 954 | a | Дата поступления на обработку | 20081024 | |
| e | Дата перешифровки | 20230214 |